La conquista del Chaco /
Guardado en:
| Autor Principal: | |
|---|---|
| Formato: | Libro |
| Idioma: | Spanish |
| Publicado: |
Buenos Aires :
Círculo militar,
1971.
|
| Series: | Biblioteca del oficial. Colección histórico-militar, v. 637-38
|
| Etiquetas: |
Agregar Etiqueta
Sin Etiquetas, Sea el primero en etiquetar este registro!
|
| LEADER | 00534nam a22001575a 4500 | ||
|---|---|---|---|
| 001 | EUN.um049930 | ||
| 003 | AR-BaUNS | ||
| 005 | 20050623122917.0 | ||
| 008 | 041125s1971####ag#a##########000#0#spa#d | ||
| 245 | 1 | 3 | |a La conquista del Chaco / |c Alberto D. H. Scunio. |
| 260 | |a Buenos Aires : |b Círculo militar, |c 1971. | ||
| 300 | |a 469 p. : |b ilus. ; |c 20,5 cm. . | ||
| 490 | 0 | |a Biblioteca del oficial. Colección histórico-militar, v. 637-38 | |
| 100 | 1 | |a Scunio, Alberto D. H. | |
| 082 | 0 | 4 | |a 982 |
| 859 | |a Ar-BaUNS |b BIB. CENTRAL - Sector C |h 982 |i Sc42-1 |p 66853/973 | ||
